01267nab a22001937a 4500003000400000005001700004008004100021040000700062100002300069245017400092300001500266500003800281505051300319505007200832650002300904650001700927650002700944773010200971OSt20260128013046.0190514b xxu||||| |||| 00| 0 spa d cPJ aZanino, Bárbara 13aLa aplicación del principio de autonomía progresiva en las políticas de transferencias sociales destinadas a niñas, niños y adolescentes / cBárbara Zanino.  ap. 127-141 aCita: TR LALEY AR/DOC/2514/2025.  aSumario: I. Introducción.— II. El principio de autonomía progresiva y la dimensión de la autonomía patrimonial de las y los adolescentes.— III. La autonomía progresiva en el marco del Régimen de Asignaciones Familiares de la ley 24.714. La modificación que introdujo el dec. 840/2020 y sus limitaciones.— IV. Una respuesta que aplicó el estándar de la autonomía progresiva patrimonial para garantizar la protección social de una adolescente de 16 años.— V. Cierre provisorio.  tSi te interesa el texto, comunicate a koha@justierradelfuego.gov.ar 0aDERECHO DE FAMILIA 0aADOLESCENTES 0aAUTONOMÍA PROGRESIVA0 02844dBuenos Aires : AbeledoPerrot, 1989-tDerecho de familia. N° 122 - Noviembre 2025z18511201